Loading...
| Current Events | 3 | 20.00 | 100% | 100% | 0% |
| Fine Arts - Classical Music | 6 | 16.67 | 100% | 67% | 0% |
| Fine Arts - Other | 4 | 15.00 | 100% | 50% | 0% |
| Fine Arts - Painting and Sculpture | 3 | 13.33 | 100% | 33% | 0% |
| Geography | 3 | 20.00 | 100% | 100% | 0% |
| History - American | 5 | 16.00 | 100% | 60% | 0% |
| History - Ancient/Other | 4 | 20.00 | 100% | 75% | 25% |
| History - European | 5 | 14.00 | 100% | 40% | 0% |
| History - Other | 3 | 16.67 | 100% | 67% | 0% |
| History - World | 3 | 16.67 | 100% | 67% | 0% |
| Literature - American | 4 | 20.00 | 100% | 75% | 25% |
| Literature - British | 5 | 16.00 | 100% | 40% | 20% |
| Literature - European | 5 | 18.00 | 100% | 80% | 0% |
| Literature - World | 3 | 16.67 | 100% | 67% | 0% |
| Mythology | 5 | 24.00 | 100% | 80% | 60% |
| Philosophy | 6 | 16.67 | 100% | 33% | 33% |
| Religion | 6 | 15.00 | 100% | 50% | 0% |
| Science - Biology | 5 | 20.00 | 100% | 80% | 20% |
| Science - Chemistry | 6 | 25.00 | 100% | 83% | 67% |
| Science - Other | 5 | 18.00 | 100% | 80% | 0% |
| Science - Physics | 6 | 16.67 | 100% | 50% | 17% |
| Social Science | 4 | 17.50 | 100% | 50% | 25% |